00955 2200349 4500001002100000005001500021035002500036007000300061008004100064020002200105040001200127082001800139084001800157090002200175090002200197100002600219245007200245260003700317300002500354500001100379650002000390650002100410700001600431850001200447999002200459990002200481990002000503990002200523990002000545990002000565990002000585INLIS00000000002855320200629111811 a0010-061700000000461ta170615s2015 yoia g | ind d a978-602-7820-33-3 aYOPDYOG042[23]a297.577 a297.577 MOH p aDEP 297.577 MOH p aCB-D.11 2015-23460 aMOHAMMAD FAUZIL ADHIM10aPositive parenting /cMohammad Fauzil Adhim; penyunting, Z. Saputro aYogyakarta :bPro-U Media,c2015 a280 halaman ;c20 cm aIndeks 4aPendidikan anak 4aPendidikan Islam1 aSaputro, Z. aYOPDYOG aCB-D.11/2015-2346 aCB-D.11/2015-2346 a65731-PD/A.2020 aCB-D.11/2015-2346 a65731-PD/A.2020 a73792-PD/A.2025 a73793-PD/A.2025